000 01121nam a22002417a 4500
001 437
003 FISKH
005 20231214104500.0
008 230421b cb ||||| |||| 00| 0 eng d
020 _a9780590465960
040 _aFISKH
_beng
_cFISKH
_dFISKH
050 _aPZ7.P4445
082 _a813.54
100 _aPeterson, John
245 _aThe littles go exploring /
_cby John Peterson
260 _aNew York :
_bScholastic.
_c1978.
300 _a94 pages.
_c20 cm.
505 _aF
520 _aThe tenth book from this classic series is ready to grab the attention of a new generation! Fresh cover art brings an updated look to this timeless favorite. Years ago, Grandpa Little set off to explore and was never seen again and the mystery of his disappearance was never solved. But now, Lucy and Tom have stumbled across a secret room where Grandpa kept many papers and maps. And they think they can figure out the path he took into the wilderness the last time he set out on an expedition! The family packs up and heads upstream.
521 8 _a440
_bLexile
521 8 _aF
_bRaz-Plus
942 _2ddc
_cBK
_n0
999 _c437
_d437